<?xml version="1.0" encoding="UTF-8"?>
<record
    xmlns:xsi="http://www.w3.org/2001/XMLSchema-instance"
    xsi:schemaLocation="http://www.loc.gov/MARC21/slim http://www.loc.gov/standards/marcxml/schema/MARC21slim.xsd"
    xmlns="http://www.loc.gov/MARC21/slim">

  <leader>00872nam2a2200229   4500</leader>
  <controlfield tag="001">RU\NLR\b_ik\97089</controlfield>
  <controlfield tag="005">20250616224938.0</controlfield>
  <datafield tag="010" ind1=" " ind2=" ">
    <subfield code="a">5-900814-42-4</subfield>
    <subfield code="9">300</subfield>
  </datafield>
  <datafield tag="035" ind1=" " ind2=" ">
    <subfield code="a">(NLR Aleph) 002171043</subfield>
  </datafield>
  <datafield tag="090" ind1=" " ind2=" ">
    <subfield code="a">2654846</subfield>
    <subfield code="c">2654846</subfield>
  </datafield>
  <datafield tag="100" ind1=" " ind2=" ">
    <subfield code="a">20030417d2002    |||y0rusy50      ca</subfield>
  </datafield>
  <datafield tag="101" ind1="0" ind2=" ">
    <subfield code="a">eng</subfield>
  </datafield>
  <datafield tag="102" ind1=" " ind2=" ">
    <subfield code="a">RU</subfield>
  </datafield>
  <datafield tag="105" ind1=" " ind2=" ">
    <subfield code="a">ac  |||||||||</subfield>
  </datafield>
  <datafield tag="200" ind1="0" ind2=" ">
    <subfield code="a">... 2002</subfield>
  </datafield>
  <datafield tag="210" ind1=" " ind2=" ">
    <subfield code="d">cop. 2002</subfield>
    <subfield code="a">&#x411;. &#x43C;.</subfield>
  </datafield>
  <datafield tag="215" ind1=" " ind2=" ">
    <subfield code="a">55 &#x441;.</subfield>
    <subfield code="c">&#x446;&#x432;. &#x438;&#x43B;., &#x43F;&#x43E;&#x440;&#x442;&#x440;.</subfield>
  </datafield>
  <datafield tag="461" ind1=" " ind2="0">
    <subfield code="1">001RU\NLR\b_ik\98034</subfield>
    <subfield code="1">2001#$aBudget of St. Petersburg for ...$eSummary$fFinancial comm. of St. Petersburg administration$g[Auth.: Sergey Demin et al.]$v... 2002$90</subfield>
    <subfield code="9">2666778</subfield>
    <subfield code="c">St. Petersburg</subfield>
    <subfield code="d">cop. 1998</subfield>
    <subfield code="f">Financial comm. of St. Petersburg administration</subfield>
    <subfield code="n">Leontief centre</subfield>
    <subfield code="o">Summary</subfield>
    <subfield code="t">Budget of St. Petersburg for ...</subfield>
    <subfield code="v">... 2002$90</subfield>
  </datafield>
  <datafield tag="801" ind1=" " ind2="0">
    <subfield code="a">RU</subfield>
    <subfield code="b">NLR</subfield>
    <subfield code="c">20030417</subfield>
    <subfield code="g">PSBO</subfield>
  </datafield>
  <datafield tag="942" ind1=" " ind2=" ">
    <subfield code="c">BOOK</subfield>
  </datafield>
  <datafield tag="980" ind1=" " ind2=" ">
    <subfield code="a">NB</subfield>
  </datafield>
  <datafield tag="995" ind1=" " ind2=" ">
    <subfield code="5">2003-04-17</subfield>
    <subfield code="a">ad</subfield>
    <subfield code="b">NLR01</subfield>
    <subfield code="c">NLR01</subfield>
    <subfield code="e">IF</subfield>
    <subfield code="f">1009933</subfield>
    <subfield code="k">&#x42D;&#x43A;65 &#x414;-8/29</subfield>
    <subfield code="o">0</subfield>
    <subfield code="r">BOOK</subfield>
    <subfield code="s">65_829</subfield>
    <subfield code="u"> ;  </subfield>
  </datafield>
</record>
